<?xml version="1.0" encoding="UTF-8"?>
<record
    xmlns:xsi="http://www.w3.org/2001/XMLSchema-instance"
    xsi:schemaLocation="http://www.loc.gov/MARC21/slim http://www.loc.gov/standards/marcxml/schema/MARC21slim.xsd"
    xmlns="http://www.loc.gov/MARC21/slim">

  <leader>02185nam a2200397   4500</leader>
  <controlfield tag="001">14045</controlfield>
  <controlfield tag="003">http://catalogue.bnf.fr/ark:/12148/cb48731758w</controlfield>
  <controlfield tag="005">20260326103702.0</controlfield>
  <datafield tag="010" ind1=" " ind2=" ">
    <subfield code="a">9782846817899</subfield>
    <subfield code="d">10 EUR</subfield>
  </datafield>
  <datafield tag="073" ind1=" " ind2="0">
    <subfield code="a">9782846817899</subfield>
  </datafield>
  <datafield tag="090" ind1=" " ind2=" ">
    <subfield code="a">14045</subfield>
  </datafield>
  <datafield tag="099" ind1=" " ind2=" ">
    <subfield code="o">0</subfield>
  </datafield>
  <datafield tag="100" ind1=" " ind2=" ">
    <subfield code="a">20260318d        a  y0frey50      ba</subfield>
  </datafield>
  <datafield tag="101" ind1="0" ind2=" ">
    <subfield code="a">fre</subfield>
  </datafield>
  <datafield tag="102" ind1=" " ind2=" ">
    <subfield code="a">FR</subfield>
  </datafield>
  <datafield tag="105" ind1=" " ind2=" ">
    <subfield code="a">||||z   00|||</subfield>
  </datafield>
  <datafield tag="181" ind1=" " ind2="0">
    <subfield code="6">01</subfield>
    <subfield code="a">i </subfield>
    <subfield code="b">xxxe  </subfield>
  </datafield>
  <datafield tag="181" ind1=" " ind2=" ">
    <subfield code="6">02</subfield>
    <subfield code="c">txt</subfield>
    <subfield code="2">rdacontent</subfield>
  </datafield>
  <datafield tag="182" ind1=" " ind2="0">
    <subfield code="6">01</subfield>
    <subfield code="a">n</subfield>
  </datafield>
  <datafield tag="182" ind1=" " ind2=" ">
    <subfield code="6">02</subfield>
    <subfield code="c">n</subfield>
    <subfield code="2">rdamedia</subfield>
  </datafield>
  <datafield tag="200" ind1="1" ind2=" ">
    <subfield code="a">Au bout de ma langue</subfield>
    <subfield code="b">Texte imprim&#xE9;</subfield>
  </datafield>
  <datafield tag="214" ind1=" " ind2="0">
    <subfield code="c">Editions Les Solitaires Intempestifs</subfield>
    <subfield code="d">DL 2026</subfield>
  </datafield>
  <datafield tag="214" ind1=" " ind2="3">
    <subfield code="c">Impr. Pr&#xE9;sence graphique</subfield>
  </datafield>
  <datafield tag="214" ind1=" " ind2="0">
    <subfield code="a">Besan&#xE7;on</subfield>
  </datafield>
  <datafield tag="214" ind1=" " ind2="3">
    <subfield code="a">37-Monts</subfield>
  </datafield>
  <datafield tag="215" ind1=" " ind2=" ">
    <subfield code="a">1 vol. (66 p.)</subfield>
  </datafield>
  <datafield tag="215" ind1=" " ind2=" ">
    <subfield code="d">18 cm</subfield>
  </datafield>
  <datafield tag="225" ind1="1" ind2=" ">
    <subfield code="a">Jeunesse</subfield>
  </datafield>
  <datafield tag="323" ind1=" " ind2=" ">
    <subfield code="a">4 personnages</subfield>
  </datafield>
  <datafield tag="330" ind1=" " ind2=" ">
    <subfield code="a">Taym &#xE0; 9 ans lorsqu il arrive en France, fuyant la violence de son pays. Avec ses parents, il a quitt&#xE9; sa culture, ses racines, sa langue. Alors quand il arrive ici, le fran&#xE7;ais, partout, tout le temps, autour de lui, &#xE7;a fait comme du bruit. Jamais des phrases, jamais du sens, juste du bruit. Un jour, Taym ferme sa bouche &#xE0; triple tours et se tait. Parler, pour quoi faire ? De toute fa&#xE7;on, personne ne le comprendrait. Face au mutisme du petit gar&#xE7;on, son p&#xE8;re, sa m&#xE8;re, sa grand-m&#xE8;re, ses camarades, son ma&#xEE;tre puis une ma&#xEE;tresse tentent de l accompagner. Chacun &#xE0; leur mani&#xE8;re, ils le guident sur le chemin d une nouvelle langue qui viendrait s additionner &#xE0; l ancienne, sans la remplacer. &#xAB; Au bout de ma langue &#xBB; explore la question des ailleurs sous un autre angle : celui des bouleversements symboliques, imaginaires, culturels li&#xE9;s &#xE0; l installation dans un nouveau pays. Par del&#xE0; des questions juridiques et administratives, comment un pays fait-il sien des citoyens et des citoyennes venus d ailleurs ? Comment s installe-t-on ici, &#xAB; chez nous &#xBB; ? </subfield>
  </datafield>
  <datafield tag="610" ind1=" " ind2=" ">
    <subfield code="a">identit&#xE9;</subfield>
    <subfield code="a">migration</subfield>
    <subfield code="a">exil</subfield>
  </datafield>
  <datafield tag="700" ind1=" " ind2=" ">
    <subfield code="a">Grangeat</subfield>
    <subfield code="b">Simon</subfield>
  </datafield>
  <datafield tag="700" ind1=" " ind2=" ">
    <subfield code="c">Auteur du texte</subfield>
  </datafield>
  <datafield tag="801" ind1=" " ind2="0">
    <subfield code="a">FR</subfield>
    <subfield code="b">FR-751131015</subfield>
    <subfield code="c">20260318</subfield>
    <subfield code="g">AFNOR</subfield>
    <subfield code="h">FRBNF487317580000001</subfield>
  </datafield>
  <datafield tag="856" ind1=" " ind2="2">
    <subfield code="u">1191060</subfield>
    <subfield code="b">Premi&#xE8;re de couverture</subfield>
  </datafield>
  <datafield tag="856" ind1=" " ind2="2">
    <subfield code="u">1191086</subfield>
    <subfield code="b">Quatri&#xE8;me de couverture</subfield>
  </datafield>
  <datafield tag="995" ind1=" " ind2=" ">
    <subfield code="2">0</subfield>
    <subfield code="5">2026-03-26</subfield>
    <subfield code="9">13936</subfield>
    <subfield code="c">JOL</subfield>
    <subfield code="f">JOL-007745</subfield>
    <subfield code="k">TH GRA 4</subfield>
    <subfield code="o">0</subfield>
    <subfield code="b">JOL</subfield>
    <subfield code="r">LIVR</subfield>
  </datafield>
</record>
